Môj nevlastný brat /
Uložené v:
| Hlavný autor: | |
|---|---|
| Médium: | Kniha |
| Jazyk: | Slovak |
| Vydané: |
Bratislava :
Evitapress,
2013.
|
| Vydanie: | Vyd. 1. |
| Témy: | |
| ISBN: |
9788089452712 (brož.) |
| Fyzický popis: |
271 s. ; 18 cm. |
| Tagy: |
Pridať tag
Žiadne tagy, Buďte prvý kto otaguje tento záznam!
|
Titul je dostupný aj v ... 

MARC
| LEADER | 00000nam a2200000 a 4500 | ||
|---|---|---|---|
| 001 | 000439430 | ||
| 005 | 20140307090046.0 | ||
| 008 | 130917s2013 xo d 000 f slo d | ||
| 020 | |a 9788089452712 (brož.) | ||
| 040 | |a SVKKK |b slo |c SVKKK |e AACR2 | ||
| 041 | 0 | |a slo | |
| 044 | |a xo |c SK | ||
| 072 | 7 | |a 821.162.4-3 |x Slovenská próza |2 konspekt | |
| 080 | |a 821.162.4-31 |2 2001 | ||
| 080 | |a (0:82-31) |2 2001 | ||
| 080 | |a 821-93 |2 2001 | ||
| 100 | 1 | |a Rúčková, Enja, |d 1983- | |
| 245 | 1 | 0 | |a Môj nevlastný brat / |c Enja Rúčková. |
| 250 | |a Vyd. 1. | ||
| 260 | |a Bratislava : |b Evitapress, |c 2013. | ||
| 300 | |a 271 s. ; |c 18 cm. | ||
| 655 | 7 | |a slovenské romány |2 SVKKKPH | |
| 655 | 7 | |a publikácie pre mládež |2 SVKKKPH | |
| 910 | |a svkkk | ||
| 919 | |a 978-80-89452-71-2 | ||
| 998 | |a BK | ||
| 090 | |g SCKHL |k Sklad Hlavná 10 prízemie |a I.81427 |j 1049990 |i 2720293492 |s Povinný výt. | ||